Normal view
MARC view
Entry Topical Term
001 - CONTROL NUMBER
- control field: 17451
003 - CONTROL NUMBER IDENTIFIER
- control field: VITAP
005 - DATE AND TIME OF LATEST TRANSACTION
- control field: 20260513160212.0
008 - FIXED-LENGTH DATA ELEMENTS
- fixed length control field: 260513|| aca||babn | a|a d
040 ## - CATALOGING SOURCE
- Original cataloging agency: VITAP
150 ## - HEADING--TOPICAL TERM
- Topical term or geographic name entry element: Education; Higher -- India; Educatio, Higher -- India -- Finance; Privatization in education -- India